• 首页
  • 本馆介绍
  • 公告通知
  • 最新文献
  • 馆藏检索
  • 电子资源
  • 读者导购
  • 参考咨询
  • 我的图书馆
  • 登录
  • 详细信息显示
  • 放入我的书架
  • 预约/预借图书
  • 作者相关作品
  • 分类相关作品
  • 丛书相关作品
  • 出版社相关作品

书目信息

  • 表格格式
  • 工作单格式
  • 卡片格式
题名:
蒙古世系
    
 
作者: 高文德 , 蔡志纯 编著
分册:  
出版信息: 北京   中国社会科学出版社  1979
页数: 233页
开本: 26cm
丛书名:
单 册:
中图分类: K311
科图分类:
主题词: 蒙古(古族名)-氏族谱系--中国 , 氏族谱系-蒙古(古族名)--中国 , 东亚--历史
电子资源:
ISBN:
000 00687nam0 2200253 45
001 0179007231
005 20061116145334.81
010    @dCNY1.70
091    @aCN@b11190.017
100    @a19950725d1979 em y0chiy0121 ea
101 0  @achi
102    @aCN@b110000
105    @ay z 000yc
200 10 @a蒙古世系@Ameng gu shi xi@f高文德,蔡志纯编著
210    @a北京@c中国社会科学出版社@d1979
215    @a233页@d26cm
606    @a蒙古(古族名)-氏族谱系@y中国
606    @a氏族谱系-蒙古(古族名)@y中国
606 0  @a东亚@x历史
690    @aK311@v3
701  0 @a高文德@Agao wen de@4编著
701  0 @a蔡志纯@Acai zhi chun@4编著
801  0 @aCN@bTSSF@c20061116
905    @a10447@dK311@e1
    
    蒙古世系/高文德,蔡志纯编著.-北京:中国社会科学出版社,1979
    233页;26cm
    
    
    ISBN :CNY1.70
    
●
相关链接 在E读中查询图书 在五车中查询图书 在当当中查询图书 在豆瓣中查询图书


正题名:蒙古世系     索取号:K311/1         预约/预借

序号 登录号 条形码 馆藏地/架位号 状态 备注
1 0217523   000358437   第二样本阅览室/ [索取号:K311/1] 在馆    
唐山师范学院图书馆 欢迎您!
大连网信软件有限公司© 版权所有